[Event "Banff op"]
[Site "Banff CAN"]
[Date "2021.11.13"]
[Round "4.17"]
[White "Daniluk, Jim"]
[Black "Hoekman, Samuel"]
[Result "0-1"]
[WhiteElo "1946"]
[BlackElo "1622"]
[PlyCount "128"]
[EventDate "2021.11.12"]
[EventType "swiss"]
[EventRounds "6"]
[EventCountry "CAN"]

1. d4 f5 2. Nc3 Nf6 3. Bg5 d5 4. Bxf6 exf6 5. e3 Be6 6. Nge2 c6 7. Nf4 Bf7 8.
Bd3 g6 9. O-O Bd6 10. f3 Qc7 11. g3 Nd7 12. Re1 O-O-O 13. a3 h5 14. Ng2 h4 15.
f4 g5 16. Rf1 Rdg8 17. Bxf5 gxf4 18. Qf3 fxg3 19. h3 Bh5 20. Bxd7+ Qxd7 21. Qf5
Be8 22. e4 Qxf5 23. exf5 Bd7 24. Nd1 c5 25. c3 Re8 26. Nde3 Bc6 27. b4 cxd4 28.
cxd4 Re4 29. Rac1 Kd7 30. b5 Bxb5 31. Nxd5 Rxd4 32. Rfd1 Be5 33. Nge3 Bc6 34.
Nf4 Re8 35. Nc2 Rxd1+ 36. Rxd1+ Kc8 37. Ne6 Bd7 38. Ncd4 Bxd4+ 39. Rxd4 Bxe6
40. fxe6 Rxe6 41. Rxh4 f5 42. Rf4 Re2 43. Rxf5 Rh2 44. Rc5+ Kb8 45. Rc3 Rxh3
46. Kg2 Rh7 47. Kxg3 Rf7 48. Kg4 b6 49. Kg3 Kb7 50. Kg2 Ka6 51. Rc4 Kb5 52. Re4
Rc7 53. a4+ Ka5 54. Kf3 Rc3+ 55. Ke2 Ra3 56. Re7 a6 57. Re5+ Kxa4 58. Re6 Rb3
59. Kd2 Ka5 60. Kc2 Rh3 61. Kb2 b5 62. Rg6 b4 63. Rf6 Kb5 64. Rh6 Rxh6 0-1

[Event "Banff op"]
[Site "Banff CAN"]
[Date "2021.11.13"]
[Round "4.18"]
[White "Zeggelaar, Mike"]
[Black "Ming, Jerry"]
[Result "1-0"]
[WhiteElo "1920"]
[BlackElo "1684"]
[PlyCount "65"]
[EventDate "2021.11.12"]
[EventType "swiss"]
[EventRounds "6"]
[EventCountry "CAN"]

1. d4 d5 2. c4 e6 3. Nf3 Nf6 4. Nc3 Be7 5. e3 O-O 6. Bd3 dxc4 7. Bxc4 b6 8. O-O
Bb7 9. Qe2 Nbd7 10. e4 c6 11. Bg5 h6 12. Bd2 Qc7 13. e5 Nd5 14. Nxd5 cxd5 15.
Bd3 Rfc8 16. Ne1 Nf8 17. f4 Qd8 18. Rf3 Rc7 19. Rh3 f5 20. g4 fxg4 21. Qxg4 Kf7
22. Qh5+ Kg8 23. Rg3 Bh4 24. Rg2 Bxe1 25. Rxe1 Kh8 26. Re3 Qe8 27. Qd1 Rd8 28.
Reg3 Rdd7 29. f5 Qf7 30. fxe6 Nxe6 31. Rf2 Qe8 32. Bg6 Qe7 33. Qh5 1-0

[Event "Banff op"]
[Site "Banff CAN"]
[Date "2021.11.13"]
[Round "4.19"]
[White "Kowalyk, Tim"]
[Black "Sequillion, Aaron"]
[Result "1-0"]
[WhiteElo "1690"]
[BlackElo "2142"]
[PlyCount "95"]
[EventDate "2021.11.12"]
[EventType "swiss"]
[EventRounds "6"]
[EventCountry "CAN"]

1. e4 c5 2. Nf3 d6 3. d4 cxd4 4. Nxd4 Nf6 5. Nc3 a6 6. Be2 g6 7. Be3 Bg7 8. Qd2
Nc6 9. Nb3 Be6 10. Bh6 O-O 11. Bxg7 Kxg7 12. O-O b5 13. Bf3 Ne5 14. Rad1 Rc8
15. Nd5 Nxf3+ 16. gxf3 Bxd5 17. exd5 Qd7 18. Qe2 Rfe8 19. Rd4 Qf5 20. c3 Nxd5
21. Qd2 Nf6 22. Re1 Qxf3 23. Re3 Qf5 24. Qe2 Kf8 25. Nd2 Rcd8 26. Rf3 Qc2 27.
Qe3 Kg7 28. Rh4 h5 29. Qg5 Rc8 30. Nb3 Rc4 31. Nd4 Qb1+ 32. Kg2 Rc5 33. Qd2
Qxa2 34. Rg3 Qd5+ 35. Kg1 Ne4 36. Qe3 Nxg3 37. hxg3 Qe5 38. Re4 Qg5 39. Qf3 e5
40. Nb3 Rc7 41. Kg2 d5 42. Re2 e4 43. Qf4 Qxf4 44. gxf4 Kf6 45. Kg3 Rc4 46. Re3
Rb8 47. Na5 Ra4 48. Nb3 1-0

[Event "Banff op"]
[Site "Banff CAN"]
[Date "2021.11.13"]
[Round "4.20"]
[White "Offengenden, Ron"]
[Black "Chandra, Anand Rishi"]
[Result "0-1"]
[WhiteElo "1759"]
[BlackElo "2138"]
[PlyCount "116"]
[EventDate "2021.11.12"]
[EventType "swiss"]
[EventRounds "6"]
[EventCountry "CAN"]

1. e4 e5 2. Nf3 Nc6 3. Bc4 Nf6 4. d3 Bc5 5. Be3 Bb6 6. Nbd2 d6 7. h3 h6 8. c3
Ne7 9. Nf1 Ng6 10. Ng3 O-O 11. Qd2 Bxe3 12. fxe3 c6 13. Bb3 d5 14. exd5 cxd5
15. e4 Be6 16. exd5 Bxd5 17. O-O-O Bxb3 18. axb3 a5 19. Kc2 Qb6 20. Ra1 Nd5 21.
Nf5 Rfd8 22. g3 Rac8 23. d4 e4 24. N3h4 Qe6 25. Ne3 Nb4+ 26. Kb1 Nd3 27. d5 Qb6
28. Nef5 Kh7 29. Nxg7 Nxh4 30. gxh4 Kxg7 31. Qg2+ Kh8 32. Rf1 Qg6 33. Qh2 Rg8
34. Ka2 Qg2 35. Qxg2 Rxg2 36. Rxf7 Rxb2+ 37. Ka3 b5 38. Rg1 b4+ 39. cxb4 axb4+
40. Ka4 Rb8 41. Ra1 Nc5+ 42. Ka5 Nxb3+ 43. Ka6 Nxa1 44. Ka7 Rd8 45. h5 e3 46.
h4 e2 47. Re7 Rd7+ 48. Rxd7 e1=Q 49. Rd8+ Kg7 50. Rd7+ Kf6 51. Rd6+ Ke7 52. Ra6
Qe5 53. Rxa1 Rc2 54. Rg1 Qd4+ 55. Ka6 Qxg1 56. Kb5 Qc5+ 57. Ka4 Ra2+ 58. Kb3
Ra3+ 0-1

[Event "Banff op"]
[Site "Banff CAN"]
[Date "2021.11.13"]
[Round "4.21"]
[White "Zacharias, Nicholas"]
[Black "Prince, Colin"]
[Result "0-1"]
[WhiteElo "1591"]
[BlackElo "2007"]
[PlyCount "44"]
[EventDate "2021.11.12"]
[EventType "swiss"]
[EventRounds "6"]
[EventCountry "CAN"]

1. e4 e5 2. f4 Bc5 3. Nf3 d6 4. c3 Nf6 5. d4 exd4 6. cxd4 Bb6 7. Nc3 Bg4 8.
Bb5+ c6 9. Ba4 Bxf3 10. gxf3 Nh5 11. h4 Qf6 12. Ne2 Nd7 13. Be3 O-O-O 14. Rc1
Qe7 15. Qd3 Kb8 16. a3 Rhe8 17. b4 f5 18. e5 dxe5 19. fxe5 Nxe5 20. Qxf5 Ng6
21. Qxh5 Qxe3 22. Rc2 Nf4 0-1

[Event "Banff op"]
[Site "Banff CAN"]
[Date "2021.11.13"]
[Round "4.22"]
[White "Yao, David"]
[Black "Wu, Charles"]
[Result "1/2-1/2"]
[WhiteElo "1998"]
[BlackElo "1869"]
[PlyCount "110"]
[EventDate "2021.11.12"]
[EventType "swiss"]
[EventRounds "6"]
[EventCountry "CAN"]

1. Nf3 d5 2. g3 Bf5 3. Bg2 e6 4. d3 Nf6 5. Nbd2 h6 6. O-O Be7 7. c3 O-O 8. Qb3
Qc8 9. Re1 a5 10. a4 Na6 11. Nd4 Bg6 12. f4 Nc5 13. Qc2 c6 14. Kh1 Ng4 15. N2b3
e5 16. fxe5 Nxe5 17. Nxc5 Bxc5 18. Be3 Be7 19. Bf4 Bf6 20. b4 Re8 21. Bxe5 Bxe5
22. Nf3 axb4 23. Nxe5 Rxe5 24. cxb4 Qg4 25. Qd2 Rae8 26. Bf3 Qd4 27. b5 cxb5
28. axb5 Be4 29. Kg2 Bxf3+ 30. exf3 Rxe1 31. Rxe1 Rxe1 32. Qxe1 Qxd3 33. Qe8+
Kh7 34. Qxf7 Qe2+ 35. Kh3 Qxb5 36. Qf5+ Kg8 37. Qc8+ Kf7 38. Qf5+ Ke7 39. Qe5+
Kd8 40. Qb8+ Kd7 41. Qe5 Kc8 42. Kg2 Qd7 43. Qc3+ Kb8 44. Qe5+ Kc8 45. Qc3+ Kd8
46. Qa5+ Ke7 47. Qb4+ Kf7 48. Qf4+ Kg8 49. Qd4 Qc6 50. g4 Qc4 51. Qe5 b5 52.
Qe6+ Kh8 53. g5 hxg5 54. Qe8+ Kh7 55. Qh5+ Kg8 1/2-1/2

[Event "Banff op"]
[Site "Banff CAN"]
[Date "2021.11.13"]
[Round "4.23"]
[White "Carroll, Billy"]
[Black "Srinivasan, Hemant"]
[Result "0-1"]
[WhiteElo "1236"]
[BlackElo "1993"]
[PlyCount "98"]
[EventDate "2021.11.12"]
[EventType "swiss"]
[EventRounds "6"]
[EventCountry "CAN"]

1. e4 c6 2. d4 d5 3. Bd3 dxe4 4. Bxe4 Nf6 5. Bf3 Bf5 6. Ne2 e6 7. O-O Bd6 8.
Bf4 O-O 9. Bxd6 Qxd6 10. Ng3 Bg6 11. Re1 Na6 12. c3 Nc7 13. Ne4 Nxe4 14. Bxe4
Nd5 15. Bxg6 hxg6 16. Re4 Nf6 17. Re3 c5 18. Rh3 cxd4 19. Qxd4 Qxd4 20. cxd4
Rfd8 21. Nc3 Rxd4 22. Rd1 Rxd1+ 23. Nxd1 Rd8 24. Nc3 Rd2 25. b3 Nd5 26. Kf1
Nxc3 27. Rxc3 Rxa2 28. Rc8+ Kh7 29. Rc7 b5 30. Rxf7 a5 31. Re7 Ra3 32. b4 axb4
33. Rxe6 Ra1+ 34. Ke2 b3 35. Rb6 b2 36. Rxb5 b1=Q 37. Rxb1 Rxb1 38. g3 g5 39.
Kf3 Kg6 40. g4 Kf6 41. Kg3 Ke5 42. f3 Rb3 43. h4 gxh4+ 44. Kxh4 Rxf3 45. Kg5
Rg3 46. Kh4 Kf4 47. Kh5 Rh3+ 48. Kg6 Kxg4 49. Kxg7 Kg5 0-1

[Event "Banff op"]
[Site "Banff CAN"]
[Date "2021.11.13"]
[Round "4.24"]
[White "Magnusson, Saul"]
[Black "Darvekar, Yash"]
[Result "1-0"]
[WhiteElo "1989"]
[BlackElo "1761"]
[PlyCount "99"]
[EventDate "2021.11.12"]
[EventType "swiss"]
[EventRounds "6"]
[EventCountry "CAN"]

1. e4 c5 2. Nf3 g6 3. c3 d5 4. exd5 Qxd5 5. d4 Bg4 6. Bb5+ Nd7 7. dxc5 Qxd1+ 8.
Kxd1 Bxf3+ 9. gxf3 O-O-O 10. Bxd7+ Rxd7+ 11. Kc2 Bg7 12. Na3 Nf6 13. Bf4 Nd5
14. Be3 Rhd8 15. Rad1 f5 16. c6 bxc6 17. Rhe1 Be5 18. h3 Bf6 19. f4 Bh4 20. Rf1
Bg3 21. Rxd5 Rxd5 22. fxg3 Rd3 23. Re1 e6 24. Nc4 R3d7 25. Ne5 Rc7 26. Rd1 Rxd1
27. Kxd1 Kb7 28. Kc2 h6 29. h4 Rg7 30. Bd4 Rg8 31. Nf7 h5 32. Ne5 a6 33. Kb3
Kc7 34. Nd3 Kd6 35. Kc4 a5 36. Bc5+ Kc7 37. Kb3 Kb7 38. a3 Ka6 39. Bd4 Kb5 40.
a4+ Ka6 41. Nc5+ Kb6 42. Nxe6+ Kb7 43. Be5 Kc8 44. Kc4 Kd7 45. Nd4 Rc8 46. Kc5
Ke7 47. b3 Kd8 48. Kb6 c5 49. Ne6+ Kd7 50. Nxc5+ 1-0

[Event "Banff op"]
[Site "Banff CAN"]
[Date "2021.11.13"]
[Round "4.25"]
[White "McLeod, Logan"]
[Black "Chen, Ricky"]
[Result "1-0"]
[WhiteElo "1912"]
[BlackElo "1654"]
[PlyCount "45"]
[EventDate "2021.11.12"]
[EventType "swiss"]
[EventRounds "6"]
[EventCountry "CAN"]

1. e4 g6 2. d4 Bg7 3. Nf3 c5 4. c3 cxd4 5. cxd4 d6 6. Nc3 Nf6 7. Be2 O-O 8. O-O
b6 9. Re1 Bb7 10. Bf1 e5 11. h3 Nc6 12. Bg5 h6 13. Be3 Re8 14. dxe5 dxe5 15.
Qa4 Nd4 16. Nxd4 exd4 17. Bxd4 Nxe4 18. Bxg7 b5 19. Bxb5 Qh4 20. Nxe4 Kxg7 21.
Bxe8 f5 22. Qd7+ Kh8 23. Bxg6 1-0

[Event "Banff op"]
[Site "Banff CAN"]
[Date "2021.11.13"]
[Round "4.26"]
[White "Ratte, Cameron"]
[Black "Green, Jason"]
[Result "1-0"]
[WhiteElo "1877"]
[BlackElo "1829"]
[PlyCount "83"]
[EventDate "2021.11.12"]
[EventType "swiss"]
[EventRounds "6"]
[EventCountry "CAN"]

1. e4 c5 2. Nf3 Nc6 3. d4 cxd4 4. Nxd4 Nf6 5. Nc3 e5 6. Ndb5 d6 7. Bg5 a6 8.
Na3 b5 9. Nd5 Be7 10. Bxf6 Bxf6 11. c3 O-O 12. Nc2 Rb8 13. Be2 Bg5 14. O-O Be6
15. Nce3 Bxe3 16. Nxe3 Ne7 17. Bg4 d5 18. exd5 Bxd5 19. Nxd5 Nxd5 20. Qe2 Qe7
21. Bf3 Nf4 22. Qe3 Kh8 23. Rfe1 Ng6 24. Rad1 f5 25. Bh5 e4 26. Bxg6 hxg6 27.
f3 Rf6 28. fxe4 Re6 29. e5 Re8 30. Rd5 Kg8 31. Qd4 f4 32. Qxf4 Rf8 33. Qd4 g5
34. Rf1 Rb8 35. Rd7 Qe8 36. Re1 a5 37. Qa7 Rg6 38. e6 b4 39. c4 Ra8 40. Qb7 Rb8
41. Qd5 a4 42. e7+ 1-0

[Event "Banff op"]
[Site "Banff CAN"]
[Date "2021.11.13"]
[Round "4.29"]
[White "Lu, Kevin"]
[Black "May, Liam"]
[Result "0-1"]
[WhiteElo "1709"]
[BlackElo "1811"]
[PlyCount "84"]
[EventDate "2021.11.12"]
[EventType "swiss"]
[EventRounds "6"]
[EventCountry "CAN"]

1. e4 e6 2. d4 d5 3. exd5 exd5 4. Nf3 Nf6 5. c4 Bd6 6. Nc3 dxc4 7. Bxc4 O-O 8.
O-O Bg4 9. Be3 Nc6 10. h3 Bh5 11. Re1 Re8 12. g4 Nxg4 13. hxg4 Bxg4 14. Bxf7+
Kxf7 15. Ng5+ Qxg5 16. Qb3+ Be6+ 17. Bxg5 Bxb3 18. axb3 Nxd4 19. Kg2 Nxb3 20.
Rab1 h6 21. Be3 c6 22. Rbd1 Red8 23. Ne4 Be5 24. f4 Bc7 25. Nc5 Nxc5 26. Bxc5
Rxd1 27. Rxd1 Rd8 28. Rxd8 Bxd8 29. Bxa7 b6 30. Bb8 Bf6 31. b3 Ke6 32. Kf3 Kf5
33. Bd6 c5 34. b4 c4 35. Ke3 b5 36. Bf8 h5 37. Kf3 g5 38. fxg5 Bxg5 39. Bc5 c3
40. Bd4 c2 41. Bb2 c1=Q 42. Bxc1 Bxc1 0-1

[Event "Banff op"]
[Site "Banff CAN"]
[Date "2021.11.14"]
[Round "5.1"]
[White "MacKinnon, Keith"]
[Black "Plotkin, Mark"]
[Result "0-1"]
[WhiteElo "2259"]
[BlackElo "2549"]
[PlyCount "62"]
[EventDate "2021.11.12"]
[EventType "swiss"]
[EventRounds "6"]
[EventCountry "CAN"]

1. c4 g6 2. Nc3 Bg7 3. d4 c5 4. d5 Bxc3+ 5. bxc3 f5 6. h4 Qa5 7. Bd2 Nf6 8. Nh3
d6 9. Nf4 Nbd7 10. Qb3 Ne5 11. e3 O-O 12. Be2 Ne4 13. Bd1 Bd7 14. f3 Nxd2 15.
Kxd2 b5 16. cxb5 Bxb5 17. Be2 Bxe2 18. Kxe2 Rab8 19. Qc2 Nc4 20. Nd3 Rb6 21.
Rhe1 Rfb8 22. Kf1 Na3 23. Qc1 Rb1 24. Rxb1 Rxb1 25. Qd2 Nc4 26. Qe2 Rxe1+ 27.
Kxe1 Qxc3+ 28. Kf2 a5 29. e4 Qd4+ 30. Kg3 Ne3 31. Kf4 Nxd5+ 0-1

[Event "Banff op"]
[Site "Banff CAN"]
[Date "2021.11.14"]
[Round "5.2"]
[White "Plotkin, Victor"]
[Black "Ng, Gary"]
[Result "1-0"]
[WhiteElo "2428"]
[BlackElo "2368"]
[PlyCount "181"]
[EventDate "2021.11.12"]
[EventType "swiss"]
[EventRounds "6"]
[EventCountry "CAN"]

1. e4 c6 2. d4 d5 3. Nc3 dxe4 4. Nxe4 Bf5 5. Ng3 Bg6 6. Nf3 Nd7 7. Bd3 e6 8.
O-O Ngf6 9. Re1 Be7 10. Bg5 Qb6 11. Bxg6 hxg6 12. Qd3 O-O 13. Qb3 Rfd8 14. Rad1
Nd5 15. Bxe7 Nxe7 16. Ne4 Nf6 17. Nc5 Qxb3 18. axb3 b6 19. Nd3 Rac8 20. b4 Nf5
21. c3 Nd6 22. Nfe5 Nd7 23. Kf1 Nxe5 24. Nxe5 Rc7 25. Ra1 Nb5 26. h4 Kh7 27.
Re3 f6 28. Nd3 Re7 29. Rae1 Rd6 30. Nf4 Nc7 31. g4 Kh6 32. Kg2 Nd5 33. Nxd5
cxd5 34. f4 f5 35. Re5 fxg4 36. Kg3 Kh7 37. Kxg4 Kg8 38. Kf3 Kh7 39. Rg1 b5 40.
Reg5 Ra6 41. Rxg6 Ra2 42. R6g2 Rf7 43. Re1 Rf6 44. Re5 Ra1 45. Reg5 Rf7 46. Ke2
Rb1 47. Kd3 Rf1 48. Re2 Rf6 49. Reg2 Rf7 50. R2g4 Rf2 51. Re5 Rf6 52. Re2 Rf3+
53. Re3 Rf2 54. Re2 Rf3+ 55. Kd2 Rf1 56. Ke3 Rh1 57. Reg2 Rf7 58. Kf3 Rf1+ 59.
Kg3 Re1 60. Kf3 Rf1+ 61. Rf2 Rh1 62. Re2 Rf6 63. Kg2 Rb1 64. Rf2 Re1 65. Rg5
Rb1 66. Kh2 Rd1 67. f5 Rb1 68. Rfg2 Rxf5 69. Rxg7+ Kh6 70. R7g6+ Kh5 71. Rxe6
Kxh4 72. Re7 a6 73. Rh7+ Rh5 74. Rhg7 Rf5 75. R7g6 Ra1 76. Rh6+ Rh5 77. Rhg6
Rf5 78. Rh6+ Rh5 79. Rf6 Rg5 80. Rxg5 Kxg5 81. Rd6 Kf4 82. Rxd5 Ra2 83. Rd6
Rxb2+ 84. Kh3 Rc2 85. Rf6+ Ke4 86. Rc6 a5 87. bxa5 b4 88. Re6+ Kd3 89. cxb4
Kxd4 90. a6 Ra2 91. Rb6 1-0

[Event "Banff op"]
[Site "Banff CAN"]
[Date "2021.11.14"]
[Round "5.3"]
[White "Miller, David"]
[Black "Cummings, David"]
[Result "1/2-1/2"]
[WhiteElo "2224"]
[BlackElo "2416"]
[PlyCount "84"]
[EventDate "2021.11.12"]
[EventType "swiss"]
[EventRounds "6"]
[EventCountry "CAN"]

1. e4 e5 2. f4 Bc5 3. Nf3 d6 4. Nc3 Nc6 5. Bc4 Nf6 6. d3 exf4 7. Bxf4 O-O 8.
Na4 Bb4+ 9. c3 Ba5 10. b4 Bb6 11. Nxb6 axb6 12. O-O Be6 13. Bg5 Bxc4 14. dxc4
Nb8 15. e5 dxe5 16. Qxd8 Rxd8 17. Nxe5 Nbd7 18. Nxd7 Rxd7 19. Bxf6 gxf6 20. a4
Rd3 21. Rf3 Rad8 22. Rxd3 Rxd3 23. Ra3 Kf8 24. a5 bxa5 25. bxa5 Ke7 26. Rb3 Kd6
27. Rxb7 Rxc3 28. Rb4 Ra3 29. Rb5 Ra4 30. Rd5+ Ke6 31. Rc5 Kd6 32. Rh5 Rxc4 33.
Rxh7 Ra4 34. Rxf7 Ke6 35. Rxc7 Rxa5 36. h4 Kf5 37. Rg7 Ra4 38. g3 Rg4 39. Rxg4
Kxg4 40. Kf2 f5 41. Kg2 f4 42. gxf4 Kxf4 1/2-1/2

[Event "Banff op"]
[Site "Banff CAN"]
[Date "2021.11.14"]
[Round "5.4"]
[White "Benjamin, Joel"]
[Black "Wang, Paul"]
[Result "1-0"]
[WhiteElo "2640"]
[BlackElo "2137"]
[PlyCount "49"]
[EventDate "2021.11.12"]
[EventType "swiss"]
[EventRounds "6"]
[EventCountry "CAN"]

1. d4 f5 2. Nf3 Nf6 3. Bg5 g6 4. Bxf6 exf6 5. c4 Bg7 6. Nc3 d6 7. e3 Be6 8. Qb3
Qc8 9. h4 h5 10. g3 Bf7 11. Bg2 c6 12. d5 c5 13. e4 O-O 14. Bh3 Be8 15. exf5
Bd7 16. Nb5 Re8+ 17. Kf1 Bf8 18. Kg2 a6 19. Nc3 Bxf5 20. Bxf5 Qxf5 21. Qxb7 Nd7
22. Rae1 Reb8 23. Qc7 a5 24. Ne4 Rc8 25. Qxd7 1-0

[Event "Banff op"]
[Site "Banff CAN"]
[Date "2021.11.14"]
[Round "5.5"]
[White "Ginsburg, Mark"]
[Black "Wu, Nathan"]
[Result "1-0"]
[WhiteElo "2414"]
[BlackElo "1868"]
[PlyCount "55"]
[EventDate "2021.11.12"]
[EventType "swiss"]
[EventRounds "6"]
[EventCountry "CAN"]

1. Nf3 d5 2. c4 c6 3. d4 Bf5 4. Nc3 e6 5. e3 Nd7 6. Bd3 Bxd3 7. Qxd3 Ngf6 8.
O-O Be7 9. b3 O-O 10. Bb2 a6 11. e4 dxe4 12. Nxe4 Nxe4 13. Qxe4 Nf6 14. Qe2 Qa5
15. a3 b5 16. Ne5 Rac8 17. Rfc1 Rfd8 18. cxb5 cxb5 19. Nc6 Rxc6 20. Rxc6 Nd5
21. Qc2 b4 22. axb4 Qb5 23. Rc8 Nxb4 24. Qc7 Qe8 25. Rxd8 Bxd8 26. Qc8 Nd3 27.
Rxa6 Nxf2 28. Rd6 1-0

[Event "Banff op"]
[Site "Banff CAN"]
[Date "2021.11.14"]
[Round "5.6"]
[White "Findlay, Ian"]
[Black "Gedajlovic, Max"]
[Result "1/2-1/2"]
[WhiteElo "2316"]
[BlackElo "2329"]
[PlyCount "42"]
[EventDate "2021.11.12"]
[EventType "swiss"]
[EventRounds "6"]
[EventCountry "CAN"]

1. e4 g6 2. d4 Bg7 3. Nc3 c6 4. Bc4 d6 5. Qf3 e6 6. Nge2 d5 7. Bd3 Ne7 8. h4 e5
9. exd5 exd4 10. dxc6 Nbxc6 11. Ne4 Bf5 12. h5 Ne5 13. Qg3 Nxd3+ 14. cxd3 Bxe4
15. dxe4 d3 16. Nf4 Qa5+ 17. Bd2 Qa4 18. Qxd3 Rd8 19. Nd5 Nxd5 20. exd5 O-O 21.
O-O Bxb2 1/2-1/2

[Event "Banff op"]
[Site "Banff CAN"]
[Date "2021.11.14"]
[Round "5.7"]
[White "Haessel, Dale"]
[Black "Malek, Omid"]
[Result "1-0"]
[WhiteElo "2216"]
[BlackElo "2305"]
[PlyCount "60"]
[EventDate "2021.11.12"]
[EventType "swiss"]
[EventRounds "6"]
[EventCountry "CAN"]

1. d4 d5 2. c4 e6 3. Nc3 Nf6 4. cxd5 exd5 5. Bg5 Be7 6. e3 Nbd7 7. Bd3 c6 8.
Nge2 Ne4 9. Bxe7 Qxe7 10. Bxe4 dxe4 11. Ng3 O-O 12. Ngxe4 f5 13. Nd2 f4 14. e4
Qg5 15. Nf3 Qg6 16. Qb3+ Kh8 17. O-O Qh5 18. Rfe1 Nf6 19. e5 Ng4 20. h3 Nh6 21.
e6 Rf6 22. Re5 Nf5 23. Rae1 Qe8 24. d5 Nd6 25. Qb4 Nf5 26. Ne4 Rf8 27. d6 h6
28. d7 Bxd7 29. exd7 Qxd7 30. Nc5 Qd6 1-0

[Event "Banff op"]
[Site "Banff CAN"]
[Date "2021.11.14"]
[Round "5.10"]
[White "Khodjimatov, Sherzod"]
[Black "Cater, Brendan"]
[Result "1-0"]
[WhiteElo "2183"]
[BlackElo "1879"]
[PlyCount "65"]
[EventDate "2021.11.12"]
[EventType "swiss"]
[EventRounds "6"]
[EventCountry "CAN"]

1. e4 e5 2. Nf3 Nf6 3. Nxe5 d6 4. Nf3 Nxe4 5. Nc3 Nxc3 6. dxc3 Be7 7. Bf4 Nc6
8. Bd3 Be6 9. Qd2 h6 10. O-O-O Rb8 11. Rhg1 b5 12. g4 Bxa2 13. b3 b4 14. Be4
Na5 15. cxb4 Bxb3 16. bxa5 Ba2 17. c3 Bb3 18. Bc6+ Kf8 19. Rde1 d5 20. Qd4 Bc4
21. Kc2 Bb3+ 22. Kd2 Ba2 23. Ne5 Rb2+ 24. Ke3 Kg8 25. Kf3 Bg5 26. Nd3 Kh7 27.
Nxb2 Rf8 28. Bxg5 Qxg5 29. Qf4 Qh4 30. Re5 g6 31. Bxd5 Bxd5+ 32. Rxd5 Qe7 33.
Rgd1 1-0

[Event "Banff op"]
[Site "Banff CAN"]
[Date "2021.11.14"]
[Round "5.11"]
[White "Hoekman, Samuel"]
[Black "Dorn, Paris"]
[Result "1/2-1/2"]
[WhiteElo "1622"]
[BlackElo "2141"]
[PlyCount "75"]
[EventDate "2021.11.12"]
[EventType "swiss"]
[EventRounds "6"]
[EventCountry "CAN"]

1. d4 Nf6 2. Bg5 c5 3. d5 Ne4 4. h4 h6 5. Bf4 Qb6 6. Nd2 Qxb2 7. Nxe4 Qb4+ 8.
Qd2 Qxe4 9. Nf3 d6 10. e3 Qa4 11. Bd3 Nd7 12. Bg3 g6 13. c3 Bg7 14. Rb1 a6 15.
e4 b5 16. O-O O-O 17. h5 gxh5 18. Bf4 Ne5 19. Nxe5 dxe5 20. Bxh6 f6 21. Bc2 Qa5
22. Bxg7 Kxg7 23. f4 Qc7 24. f5 Bd7 25. Qe3 Rg8 26. Bd1 Be8 27. Rf3 Kh7 28. Rg3
Bf7 29. Rb2 Rxg3 30. Qxg3 Rg8 31. Qe3 c4 32. a4 bxa4 33. Bxa4 Rb8 34. Rxb8 Qxb8
35. Bc6 Qb1+ 36. Kh2 a5 37. Qc5 Qxe4 38. Qxe7 1/2-1/2

[Event "Banff op"]
[Site "Banff CAN"]
[Date "2021.11.14"]
[Round "5.12"]
[White "Dukic, Zachary"]
[Black "Zeggelaar, Mike"]
[Result "1-0"]
[WhiteElo "2359"]
[BlackElo "1920"]
[PlyCount "39"]
[EventDate "2021.11.12"]
[EventType "swiss"]
[EventRounds "6"]
[EventCountry "CAN"]

1. e4 e5 2. Nf3 Nf6 3. Nxe5 d6 4. Nf3 Nxe4 5. Nc3 Nxc3 6. dxc3 Be7 7. Be3 O-O
8. Qd2 Be6 9. Nd4 Nc6 10. Nxe6 fxe6 11. O-O-O Qd7 12. g3 a5 13. Bh3 b5 14. Rhe1
Nd8 15. f4 b4 16. c4 Rb8 17. Qe2 Qa4 18. Kb1 e5 19. fxe5 dxe5 20. Bd7 1-0

[Event "Banff op"]
[Site "Banff CAN"]
[Date "2021.11.14"]
[Round "5.13"]
[White "Chandra, Anand Rishi"]
[Black "McLeod, Logan"]
[Result "1/2-1/2"]
[WhiteElo "2138"]
[BlackElo "1912"]
[PlyCount "55"]
[EventDate "2021.11.12"]
[EventType "swiss"]
[EventRounds "6"]
[EventCountry "CAN"]

1. e4 c5 2. Nf3 Nc6 3. Nc3 g6 4. d4 cxd4 5. Nxd4 Bg7 6. Be3 d6 7. Bc4 Nf6 8.
Bb3 Bd7 9. O-O Ng4 10. Ne6 Bxe6 11. Bxe6 Nxe3 12. Bxf7+ Kxf7 13. fxe3+ Bf6 14.
Nd5 Kg7 15. Nf4 Qa5 16. Ne6+ Kf7 17. Qg4 Nd8 18. Nf4 Qe5 19. Qd7 Qxe4 20. Rf3
Ne6 21. Nxe6 Qxe6 22. Rxf6+ Kxf6 23. Rf1+ Ke5 24. Qa4 Qg8 25. Qd4+ Ke6 26. Qe4+
Kd7 27. Qxb7+ Ke6 28. Qe4+ 1/2-1/2

[Event "Banff op"]
[Site "Banff CAN"]
[Date "2021.11.14"]
[Round "5.14"]
[White "Tolentino, Patrick"]
[Black "Booker, Brad"]
[Result "1-0"]
[WhiteElo "1936"]
[BlackElo "2123"]
[PlyCount "89"]
[EventDate "2021.11.12"]
[EventType "swiss"]
[EventRounds "6"]
[EventCountry "CAN"]

1. e4 c6 2. Nc3 d5 3. Nf3 Bg4 4. h3 Bxf3 5. Qxf3 e6 6. Be2 d4 7. Nb1 c5 8. O-O
Nc6 9. d3 Bd6 10. Nd2 Bc7 11. Qh5 e5 12. Qg4 Nf6 13. Qxg7 Rg8 14. Qh6 Qe7 15.
Nf3 Rg6 16. Qd2 Nh5 17. Qd1 Ng7 18. Nh2 O-O-O 19. Bh5 Nxh5 20. Qxh5 Rdg8 21. g3
Qf8 22. a3 Bd8 23. Nf3 Qg7 24. Kh1 Kb8 25. Rg1 Bf6 26. Bd2 Nd8 27. b4 Ne6 28.
bxc5 Rc8 29. Rab1 Rxc5 30. Rb2 Bg5 31. Rgb1 b6 32. Nxg5 Nxg5 33. Kg2 Ne6 34.
Kf1 Rc6 35. a4 Nc5 36. a5 Rge6 37. Qh4 f6 38. Qh5 Qc7 39. axb6 axb6 40. Ra1 Nd7
41. Rba2 Kc8 42. Qxh7 Re8 43. Ra7 Qd6 44. Bb4 Qe6 45. Rxd7 1-0

[Event "Banff op"]
[Site "Banff CAN"]
[Date "2021.11.14"]
[Round "5.15"]
[White "Srinivasan, Hemant"]
[Black "Ratte, Cameron"]
[Result "1/2-1/2"]
[WhiteElo "1993"]
[BlackElo "1877"]
[PlyCount "108"]
[EventDate "2021.11.12"]
[EventType "swiss"]
[EventRounds "6"]
[EventCountry "CAN"]

1. d4 Nf6 2. c4 g6 3. Nc3 Bg7 4. e4 d6 5. Nf3 O-O 6. Be2 e5 7. O-O Nc6 8. d5
Ne7 9. b4 Ne8 10. Nd2 f5 11. c5 Nf6 12. f3 f4 13. a4 g5 14. Ba3 Ng6 15. Nc4 Rf7
16. b5 Bf8 17. b6 axb6 18. cxd6 cxd6 19. Rb1 Ra6 20. Qb3 g4 21. Nxb6 g3 22.
Nxc8 gxh2+ 23. Kh1 Nh5 24. Bxa6 Ng3+ 25. Kxh2 bxa6 26. Nb6 Rg7 27. Kg1 Nh4 28.
Rf2 Qg5 29. Rbb2 Qh5 30. Qc4 Nxf3+ 31. Rxf3 Qh1+ 32. Kf2 Nxe4+ 33. Ke2 Qxg2+
34. Kd3 Qxf3+ 35. Kc2 Rg2+ 36. Kb3 Nxc3 37. Qxc3 Qxc3+ 38. Kxc3 f3 39. Nc4 Bh6
40. Rb8+ Kg7 41. Bxd6 f2 42. Bxe5+ Kf7 43. Rb7+ Kg6 44. Rb6+ Kh5 45. Rxh6+ Kxh6
46. Ne3 Rg8 47. Kd2 Kg5 48. Ke2 Re8 49. Nc4 Kf5 50. d6 Ke6 51. Kxf2 Rd8 52. Kg3
Kd5 53. Bf6 Rxd6 54. Nxd6 Kxd6 1/2-1/2

[Event "Banff op"]
[Site "Banff CAN"]
[Date "2021.11.14"]
[Round "5.16"]
[White "Dave, Bhavik"]
[Black "Magnusson, Saul"]
[Result "1/2-1/2"]
[WhiteElo "1891"]
[BlackElo "1989"]
[PlyCount "120"]
[EventDate "2021.11.12"]
[EventType "swiss"]
[EventRounds "6"]
[EventCountry "CAN"]

1. d4 Nf6 2. c4 g6 3. Nc3 d5 4. cxd5 Nxd5 5. e4 Nxc3 6. bxc3 Bg7 7. Bc4 c5 8.
Ne2 O-O 9. O-O Nc6 10. Be3 Na5 11. Bd3 f5 12. exf5 Bxf5 13. Bxf5 Rxf5 14. dxc5
Kh8 15. Qa4 Nc6 16. Rfd1 Rd5 17. Nf4 Rxd1+ 18. Rxd1 Qg8 19. h3 e5 20. Nd5 Rd8
21. c4 h6 22. Qc2 Qf7 23. Qd2 Kh7 24. h4 Nd4 25. h5 g5 26. Qd3+ Kh8 27. Bxd4
exd4 28. Re1 Re8 29. Rxe8+ Qxe8 30. g4 Qe6 31. Qf5 Qxf5 32. gxf5 Bf8 33. f3
Bxc5 34. Kf1 Kg7 35. Ke2 Kf7 36. Kd3 Ke8 37. Nc7+ Ke7 38. Ne6 b6 39. Nxd4 Kf6
40. Nc6 Kxf5 41. Nxa7 Kf4 42. Ke2 Kg3 43. Nc6 Kh4 44. a4 Kxh5 45. Kf1 Kg6 46.
a5 bxa5 47. Nxa5 Kf5 48. Nb3 Be3 49. Kg2 h5 50. Na5 Ke5 51. Nb7 Ke6 52. Nd8+
Kd6 53. Nf7+ Kc5 54. Nxg5 Bxg5 55. f4 Bxf4 56. Kh3 Bg5 57. Kg3 Kxc4 58. Kh2 Kd3
59. Kh1 Ke2 60. Kh2 Be3 1/2-1/2